000 00618nam a2200241 i 4500
001 C2-0221555
003 PPAK
005 20180728151054.0
008 991103s1997 my |||| ||||| | may d
020 _a967654132X
040 _aPPAK
_beng
_cPPAK
_erda
082 0 4 _a899.233
_223
090 0 0 _a899.233
_bFAR
_dG
100 0 _aFarvis,
_eauthor
245 1 0 _aGimpal emas
264 1 _aShah Alam, Selangor :
_bFajar Bakti ,
_c1997
300 _a171 pages ;
_c19 cm
336 _2rdacontent
_atext
337 _2rdamedia
_aunmediated
338 _2rdacarrier
_avolume
650 1 0 _aMalay Fiction
942 _ddc
_cB
999 _c143150
_d143150